DON'T guess #1: Geography - Statistics

General Stats
  • This quiz has been taken 463 times
  • The average score is 7 of 20
Answer Stats
Category Answer % Correct
Most populated French overseas territories Guadeloupe | Martinique | Mayotte | French Guiana
77%
Northernmost African capitals Algiers | Rabat | Tripoli | Cairo
74%
National flags with the most green Turkmenistan | Bangladesh | Zambia | Pakistan
69%
Latest Pacific Island nations to gain independence F. S. Micronesia | Marshall Islands | Vanuatu | Kiribati
65%
Least literate African countries South Sudan | Niger | Mali | Central African Republic
65%
Wealthiest Japanese prefectures by GDP Osaka | Aichi | Kanagawa | Saitama
55%
Most visited US National Parks Zion | Grand Canyon | Yellowstone | Rocky Mountain
41%
US states that produce the most corn Illinois | Nebraska | Minnesota | Indiana
39%
National capitals with the highest elevation Quito | Sucre | Bogotá | Addis Ababa
38%
Deepest lakes Tanganyika | Caspian Sea | Viedma | Vostok
36%
Largest Indian states Madhya Pradesh | Maharashtra | Uttar Pradesh | Gujarat
34%
Largest Canadian islands Victoria | Ellesmere | Newfoundland | Banks
27%
Most spoken languages in Ethiopia (L1 only) Amharic | Somali | Tigrinya | Sidamo
23%
Youngest Asian countries by median age East Timor | Yemen | Iraq | Tajikistan
22%
Largest exports of Australia Coal | Natural gas | Education | Gold
15%
Eastern Catholic churches with the most adherents Ukrainian | Maronite | Melkite | Armenian
7%
Tallest mountains in the Alps Monte Rosa | Dom | Lyskamm | Weisshorn
6%
Longest tributaries of the Amazon Purús | Japurá | Tocantins | Araguaia
6%
Oldest active Antarctic research stations Macquarie | Norvegia | Port Lockroy | Elichiribehety
1%
First regions mentioned in the shipping forecast North Utsire | South Utsire | Forties | Cromarty
1%
No matching quizzes found
Score Distribution
Percent of People with Each Score
Percentile by Number Answered
Your Score History
You have not taken this quiz